| 000 | 00861cam a2200289 4500 | ||
|---|---|---|---|
| 001 | ABS66128 | ||
| 008 | 021126n2002 000 0 eng u | ||
| 035 | _a(Sirsi) u120583 | ||
| 245 | _aFocus 2002: central & eastern Europe | ||
| 260 | _c2002 | ||
| 490 |
_aEstates Gazette _v(0243) 26 October 2002, 163-177(12) |
||
| 590 | _aABS | ||
| 650 | _aMOSCOW | ||
| 650 | _aFOREIGN INVESTMENT | ||
| 650 | _aPROPERTY INVESTMENT | ||
| 650 | _aRUSSIA | ||
| 650 | _aPOLAND | ||
| 650 | _aWARSAW | ||
| 650 | _aPROPERTY-COMMERCIAL PROPERTY-OFFICE PROPERTY-OFFICE PROPERTY MARKET | ||
| 650 | _aPROPERTY DEVELOPMENT | ||
| 650 | _aCZECH REPUBLIC | ||
| 650 | _aPRAGUE | ||
| 650 | _aFLOODING | ||
| 650 | _aPROPERTY-COMMERCIAL PROPERTY-RETAIL PROPERTY-RETAIL PROPERTY MARKET | ||
| 690 | _aPROPERTY-COMMERCIAL PROPERTY-COMMERCIAL PROPERTY MARKET | ||
| 942 | _n0 | ||
| 999 |
_c71640 _d71640 |
||